| Tag |
First Indicator |
Second Indicator |
Subfields |
| LEADER |
00000cam a2200000 a 4500 |
| 001 |
in00000008351 |
| 005 |
20151003050021.0 |
| 008 |
870218s1986 nyua b 10110 eng d |
| 020 |
|
|
|a 0471627623
|
| 035 |
|
|
|a (OCoLC)15208711
|
| 035 |
|
|
|9 AAA0736AM
|
| 040 |
|
|
|a ABS
|c ABS
|d CHS
|d VPI
|d m/c
|d AGL
|d TXA
|d UtOrBLW
|
| 050 |
|
4 |
|a TA164
|b .S95 1986
|
| 111 |
2 |
|
|a Symposium on Biotechnology for Fuels and Chemicals
|n (8th :
|d 1986 :
|c Gatlinburg, Tenn.)
|
| 245 |
1 |
0 |
|a Eighth Symposium on Biotechnology for Fuels and Chemicals :
|b proceedings of the Eighth Symposium on Biotechnology for Fuels and Chemicals held in Gatlinburg, Tennessee, May 13-16, 1986 /
|c sponsored by the Department of Energy and the Oak Ridge National Laboratory ; editor, Charles D. Scott.
|
| 264 |
|
1 |
|a New York, N.Y. :
|b J. Wiley,
|c [1986]
|
| 264 |
|
4 |
|c ©1986
|
| 300 |
|
|
|a vii, 781 pages :
|b illustrations ;
|c 23 cm.
|
| 336 |
|
|
|a text
|b txt
|2 rdacontent
|
| 337 |
|
|
|a unmediated
|b n
|2 rdamedia
|
| 338 |
|
|
|a volume
|b nc
|2 rdacarrier
|
| 490 |
1 |
|
|a Biotechnology and bioengineering symposium,
|x 0572-6565 ;
|v no. 17
|
| 500 |
|
|
|a "An Interscience Publication."
|
| 504 |
|
|
|a Includes bibliographies and indexes.
|
| 650 |
|
0 |
|a Biomass energy
|v Congresses.
|
| 650 |
|
0 |
|a Biomass chemicals
|v Congresses.
|
| 700 |
1 |
|
|a Scott, Charles D.
|
| 710 |
1 |
|
|a United States.
|b Department of Energy.
|
| 710 |
2 |
|
|a Oak Ridge National Laboratory.
|
| 740 |
0 |
|
|a Biotechnology for fuels and chemicals.
|
| 830 |
|
0 |
|a Biotechnology and bioengineering symposium ;
|v no. 17.
|
| 999 |
|
|
|a MARS
|
| 999 |
f |
f |
|s a20b300c-6ad1-3d6a-b83f-64945df9d443
|i 0b1dfd23-05f6-35e8-a53b-2d0a77b0145d
|t 0
|
| 952 |
f |
f |
|p ric
|a Texas A&M University
|b Rellis Campus
|c Joint Library Facility
|d Remote Storage
|t 0
|e TA164 .S95 1986
|h Library of Congress classification
|i unmediated -- volume
|m A14812617470
|
| 998 |
f |
f |
|a TA164 .S95 1986
|t 0
|l Remote Storage
|